Moving Cultures (Record no. 257)
[ view plain ]
| 000 -LEADER | |
|---|---|
| campo de control de longitud fija | 00415 a2200121 4500 |
| 082 ## - NÚMERO DE LA CLASIFICACIÓN DECIMAL DEWEY | |
| Número de clasificación | 707 |
| Número de ítem | H676m |
| 110 ## - ENTRADA PRINCIPAL--NOMBRE DE ENTIDAD CORPORATIVA | |
| Nombre de entidad corporativa o nombre de jurisdicción como elemento de entrada | Fondo Cultural de Hivos |
| 9 (RLIN) | 1185 |
| 245 ## - MENCIÓN DEL TÍTULO | |
| Título | Moving Cultures |
| Resto del título | Culturas en Movimiento |
| 260 ## - PUBLICACIÓN, DISTRIBUCIÓN, ETC. | |
| Lugar de publicación, distribución, etc. | La Haya |
| Nombre del editor, distribuidor, etc. | Hivos |
| Fecha de publicación, distribución, etc. | 2005 |
| 300 ## - DESCRIPCIÓN FÍSICA | |
| Extensión | 96p |
| Otras características físicas | ill (col) |
| Dimensiones | 21 cm |
| 650 ## - PUNTO DE ACCESO ADICIONAL DE MATERIA--TÉRMINO DE MATERIA | |
| Término de materia o nombre geográfico como elemento de entrada | arte y sociedad |
| Subdivisión general | proyectos comunitarios de arte |
| -- | multiculturalismo |
| Subdivisión geográfica | America Latina |
| -- | Africa |
| 9 (RLIN) | 1186 |
| 710 ## - ENTRADA AGREGADA--NOMBRE DE ENTIDAD CORPORATIVA | |
| Nombre de entidad corporativa o nombre de jurisdicción como elemento de entrada | Fondo Cultural de Hivos |
| 9 (RLIN) | 1187 |
| Estatus retirado | Estado de pérdida | Fuente del sistema de clasificación o colocación | Estado de daño | No para préstamo | Biblioteca de origen | Biblioteca actual | Ubicación en estantería | Fecha de adquisición | Total de préstamos | Signatura topográfica completa | Código de barras | Visto por última vez | Precio de reemplazo | Tipo de ítem Koha |
|---|---|---|---|---|---|---|---|---|---|---|---|---|---|---|
| Clasificación Decimal Dewey | Biblioteca LadoV | Biblioteca LadoV | 11/07/2014 | 707 H676m | 000268 | 11/07/2014 | 11/07/2014 | Material 01 |
